DOCUMENTOS PARA LA HISTORIA URBANA DE QUERÉTARO, SIGLOS XVI Y XVII (Registro nro. 68694)

Detalles MARC
000 -CABECERA
campo de control de longitud fija 01162nam a22002417a 4500
003 - IDENTIFICADOR DEL NÚMERO DE CONTROL
campo de control BPGM
008 - DATOS DE LONGITUD FIJA--INFORMACIÓN GENERAL
campo de control de longitud fija 260627b mx ||||| |||| 00| 0 spa d
020 ## - NÚMERO INTERNACIONAL ESTÁNDAR DEL LIBRO
Número Internacional Estándar del Libro 968-7442-00-X
040 ## - FUENTE DE LA CATALOGACIÓN
Lengua de catalogación SPA
041 ## - CÓDIGO DE LENGUA
Código de lengua del texto/banda sonora o título independiente SPA
Código de lengua original SPA
082 04 - NÚMERO DE LA CLASIFICACIÓN DECIMAL DEWEY
Número de clasificación CQ / 972.45
Número de documento/Ítem D625
245 ## - MENCIÓN DE TÍTULO
Título DOCUMENTOS PARA LA HISTORIA URBANA DE QUERÉTARO, SIGLOS XVI Y XVII
Resto del título "LITIGIO ENTRE LOS INDIOS DE LA CONGREGACIÓN Y EL CONVENTO DE SANTA CLARA SOBRE DERECHOS A LAS AGUAS CON QUE REGABAN"
300 ## - DESCRIPCIÓN FÍSICA
Extensión 409 PÁGINAS
Dimensiones 22.9 CM X 17 CM
336 ## - TIPO DE CONTENIDO
Fuente rdacontent
Término de tipo de contenido texto
Código de tipo de contenido txt
337 ## - TIPO DE MEDIO
Fuente rdamedia
Nombre/término del tipo de medio sin mediación
Código del tipo de medio n
338 ## - TIPO DE SOPORTE
Fuente rdacarrier
Nombre/término del tipo de soporte volumen
Código del tipo de soporte nc
490 0# - MENCIÓN DE SERIE
Mención de serie ACTAS DE CABILDO
Designación de volumen o secuencia V.1
505 ## - NOTA DE CONTENIDO CON FORMATO
Nota de contenido con formato ESTE LIBRO RECOPILA DOCUMENTOS FUNDAMENTALES COMO TESTAMENTOS Y MERCEDES DE TIERRAS PARA ANALIZAR LA EVOLUCIÓN URBANA DE QUERÉTARO DURANTE LOS SIGLOS XVI Y XVII. A TRAVÉS DE DICHAS FUENTES, LA OBRA EXPLORA LA ESTRUCTURA SOCIOESPACIAL, LA DIVISIÓN DE BARRIOS Y LA IMPORTANCIA DEL CAMINO REAL DE TIERRA ADENTRO EN LA CONSOLIDACIÓN DE LA CIUDAD.
650 ## - PUNTO DE ACCESO ADICIONAL DE MATERIA--TÉRMINO DE MATERIA
Fuente del encabezamiento o término GEOGRAFIA E HISTORIA
650 ## - PUNTO DE ACCESO ADICIONAL DE MATERIA--TÉRMINO DE MATERIA
Fuente del encabezamiento o término HISTORIA GENERAL DE AMERICA DEL NORTE
650 ## - PUNTO DE ACCESO ADICIONAL DE MATERIA--TÉRMINO DE MATERIA
Fuente del encabezamiento o término MESOAMERICA,MEXICO
942 ## - ELEMENTOS DE PUNTO DE ACCESO ADICIONAL (KOHA)
Fuente del sistema de clasificación o colocación Dewey Decimal Classification
Tipo de ítem Koha Colección Querétaro
Existencias
Estado de retiro Estado de pérdida Fuente del sistema de clasificación o colocación Estado dañado No para préstamo Localización permanente Ubicación/localización actual Ubicación en estantería Fecha de adquisición Total de préstamos Signatura topográfica completa Fecha visto por última vez Número de copia Precio válido a partir de Tipo de ítem Koha
    Dewey Decimal Classification     BIBLIOTECA PÚBLICA CENTRAL ESTATAL “FRANCISCO CERVANTES” BIBLIOTECA PÚBLICA CENTRAL ESTATAL “FRANCISCO CERVANTES” ACCESO B PLANTA ALTA SALA QUERÉTARO 06/27/2026   CQ / 972.45 / D625 06/27/2026 EJ.1 06/27/2026 Colección Querétaro